Propuesta arquitectónica con énfasis eclesiástico para la comunidad de Nicoya
Guardat en:
| Autor principal: | |
|---|---|
| Altres autors: | |
| Format: | Desconegut |
| Idioma: | Undetermined |
| Publicat: |
[San José,Costa Rica]
2013
|
| Matèries: | |
| Accés en línia: | https://cedi.ucr.ac.cr/arquitectura/propuesta-arquitectonica-con-enfasis-eclesiastico-para-la-comunidad-de-nicoya/ |
| Etiquetes: |
Afegir etiqueta
Sense etiquetes, Sigues el primer a etiquetar aquest registre!
|
MARC
| LEADER | 00000 a2200000 4500 | ||
|---|---|---|---|
| 003 | EA0062 | ||
| 005 | 20231005135724.0 | ||
| 008 | 140114s9999 xx 000 0 und d | ||
| 040 | |c cru CEDI | ||
| 090 | |a TFG EA-062 | ||
| 100 | |a Soto Segura, Jonathan |9 20052 | ||
| 245 | |a Propuesta arquitectónica con énfasis eclesiástico para la comunidad de Nicoya | ||
| 260 | |a [San José,Costa Rica] |c 2013 | ||
| 500 | |a Proyecto de graduación (licenciatura en arquitectura)--Universidad de Costa Rica. Facultad de Ingeniería. Escuela de Arquitectura, | ||
| 501 | |a Director de Proyecto de Graduación: Arq. Omar Chavarría Abarca | ||
| 650 | |x NICOYA (GUANACASTE, COSTA RICA) |x NICOYA (GUANACASTE, COSTA RICA) - IGLESIA - DISEÑO |x DISEÑO ARQUITECTONICO - NICOYA (GUANACASTE, COSTA RICA) |x ARQUITECTURA RELIGIOSA - DISEÑOS Y PLANOS - NICOYA (GUANACASTE, COSTA RICA) |x IGLESIAS PROTESTANTES (ARQUITECTURA) |9 20053 | ||
| 700 | |9 68 |a Chavarría Abarca, Omar Eliecer., 1969- |d Director del TFG | ||
| 856 | |u https://cedi.ucr.ac.cr/arquitectura/propuesta-arquitectonica-con-enfasis-eclesiastico-para-la-comunidad-de-nicoya/ |y https://cedi.ucr.ac.cr/arquitectura/propuesta-arquitectonica-con-enfasis-eclesiastico-para-la-comunidad-de-nicoya/ | ||
| 942 | |c CEDI |2 ddc | ||
| 999 | |c 12845 |d 12845 | ||
